000 00455nam a2200145Ia 4500
008 220216s9999 xx 000 0 und d
100 _aSunil Jose T
245 0 _aPolymer blends: Improved properties through precuring
260 _bProceedings of the Asia Rub Tech Expo, 23-25 November 2006, Indian Rubber Institute, Kochi. pp.177.
700 _aAnoop Anand K
700 _aGeorge K E
700 _aJacob Sinto
700 _aJoseph Rani
942 _cJS
999 _c65254
_d65254